|
|
|
|
| LEADER |
00793nam a2200241 a 4500 |
| 001 |
000532508 |
| 003 |
CZ BrMZK |
| 005 |
20100708091101.0 |
| 007 |
ta |
| 008 |
000105s1983 xo f slo d |
| 040 |
|
|
|a BOA001
|b cze
|
| 041 |
1 |
|
|a slo
|h cze
|
| 080 |
9 |
|
|a 531/534(076)
|2 MRF
|
| 100 |
1 |
|
|a Mičkal, Karel
|7 jx20040618024
|4 aut
|
| 245 |
1 |
0 |
|a Zbierka úloh z technickej mechaniky pre 2. ročník SPŠ /
|c Karel Mičkal
|
| 250 |
|
|
|a 1.vyd.
|
| 260 |
|
|
|a Bratislava :
|b Alfa,
|c 1983
|
| 300 |
|
|
|a 303 s.
|
| 765 |
0 |
|
|t Sbírka úloh z technické mechaniky
|9 Slovensky
|
| 910 |
|
|
|a BOA001
|b 2-0863.785
|
| 964 |
|
|
|a Mechanika technická - úlohy - sbírky - školy střední odborné
|
| 990 |
|
|
|a BK
|
| 996 |
7 |
|
|b 2619304862
|c 2-0863.785
|l MZK
|r Sklad / do 1 hodiny
|n 2
|w 000532508
|u 000010
|a 1
|e BOA001
|j MZK50
|s A
|